Political economy of the animal feed and food contamination debate in India (Record no. 52098)

000 -LEADER
fixed length control field 01101pab a2200169 454500
008 - FIXED-LENGTH DATA ELEMENTS--GENERAL INFORMATION
fixed length control field 180718b2002 xxu||||| |||| 00| 0 eng d
100 ## - MAIN ENTRY--PERSONAL NAME
Personal name Deshingkar, Priya
245 ## - TITLE STATEMENT
Title Political economy of the animal feed and food contamination debate in India
260 ## - PUBLICATION, DISTRIBUTION, ETC.
Date of publication, distribution, etc. 2002
300 ## - PHYSICAL DESCRIPTION
Extent p.1437-446.
362 ## - DATES OF PUBLICATION AND/OR SEQUENTIAL DESIGNATION
Dates of publication and/or sequential designation 13 Apr
520 ## - SUMMARY, ETC.
Summary, etc. Several large-scale outbreaks of diseases in the human population and among farm animals in India have been traced to food contamination. Scientific studies have established how contamination is passed through animal feeds to the human food chain. This paper identifies the stakeholders in the feed and food contamination debate and assesses their role and potential to achieve the goal of safer food for human consumption. In India, civil society groups and the private sector can be the drivers of change. What is essential is to equip them with scientific research findings, to identify and tackle contamination. - Reproduced.
650 ## - SUBJECT ADDED ENTRY--TOPICAL TERM
Topical term or geographic name entry element Food contamination - India
650 ## - SUBJECT ADDED ENTRY--TOPICAL TERM
Topical term or geographic name entry element Food contamination
773 ## - HOST ITEM ENTRY
Main entry heading Economic and Political Weekly
909 ## -
-- 52098
Holdings
Withdrawn status Lost status Damaged status Not for loan Permanent Location Current Location Date acquired Serial Enumeration / chronology Barcode Date last seen Price effective from Koha item type
        Indian Institute of Public Administration Indian Institute of Public Administration 2018-07-19 Volume no: 37, Issue no: 15 AR52528 2018-07-19 2018-07-19 Articles

Powered by Koha